Podnikanie zahraničných osôb na území SR bakalárska práca

Gespeichert in:
Bibliographische Detailangaben
1. Verfasser: Žiaková, Katarína
Körperschaft: Obchodná fakulta EU. Katedra obchodného práva
Weitere Verfasser: Horvat, Matej
Format: Buch
Sprache:Slowakisch
Veröffentlicht: Bratislava 2013
Tags: Tag hinzufügen
Keine Tags, Fügen Sie das erste Tag hinzu!

MARC

LEADER 00000nbm a2200000 4500
001 0171158
005 20161109112019.9
041 0 |a slo 
044 |a SK 
245 1 0 |a Podnikanie zahraničných osôb na území SR  |b bakalárska práca  |c Katarína Žiaková ; školiteľ: Matej Horvat 
264 1 |a Bratislava  |c 2013 
300 |a 41 s. 
100 1 |a Žiaková, Katarína 
700 1 |a Horvat, Matej 
710 2 |a Obchodná fakulta EU. Katedra obchodného práva